MARC

LEADER 00000nam0a2200000 4500
001 287936
005 20231102000034.0
020 |a RU  |b 85-52040 
035 |a (RuTPU)RU\TPU\book\312379 
090 |a 287936 
100 |a 20150320d1985 k y0rusy5003 ca 
101 0 |a rus 
102 |a RU 
105 |a y z 000zy 
200 1 |a Методологические и социально-экономические проблемы энергетики  |e сборник научных трудов  |f Академия наук СССР (АН СССР), Энергетический институт им. Г. М. Кржижановского ; под ред. Ю. Н. Вершинина 
210 |a Москва  |c [Б. и.]  |d 1985 
215 |a 56 с. 
606 1 |a Энергетика  |2 stltpush  |3 (RuTPU)RU\TPU\subj\21200  |9 46224 
610 1 |a электроэнергетика 
610 1 |a технические науки 
610 1 |a методология 
610 1 |a социально-экономические проблемы 
610 1 |a научное творчество 
610 1 |a тепловые электростанции 
610 1 |a экологические проблемы 
610 1 |a научное руководство 
610 1 |a психологические проблемы 
675 |a 620.9  |z rus  |v 3 
702 1 |a Вершинин  |b Ю. Н.  |g Юрий Николаевич  |4 340 
712 0 2 |a Академия наук СССР (АН СССР)  |b Энергетический институт им. Г. М. Кржижановского  |c (Москва)  |c (1930-1961)  |2 stltpush  |3 (RuTPU)RU\TPU\col\14865 
801 0 |a RU  |b RuMRKP  |c 19950704  |g psbo 
801 1 |a RU  |b 63413507  |c 20150320 
801 2 |a RU  |b 63413507  |c 20180201  |g RCR 
942 |c BK